Zobrazenie nákladov v účtovníctve podniku
Finančné (pagatorné) chápanie nákladov. Pohľad vnútroorganizačného účtovníctva. Hodnotové chápanie nákladov. Ekonomické chápanie nákladov. Časová dimenzia nákladov vnútroorganizačného účtovníctva. Náklady výkonu a náklady obdobia.
Salvato in:
| Autore principale: | |
|---|---|
| Altri autori: | |
| Natura: | Capitolo di libro |
| Lingua: | slovacco |
| Soggetti: | |
| Tags: |
Nessun Tag, puoi essere il primo ad aggiungerne!!
|
MARC
| LEADER | 00000nla$a2200000$$$4500 | ||
|---|---|---|---|
| 001 | 0109261 | ||
| 005 | 20240502072216.2 | ||
| 041 | 0 | |a slo | |
| 044 | |a SK | ||
| 245 | 1 | 0 | |a Zobrazenie nákladov v účtovníctve podniku |c Miroslav Tóth, Alena Tóthová |
| 520 | |a Finančné (pagatorné) chápanie nákladov. Pohľad vnútroorganizačného účtovníctva. Hodnotové chápanie nákladov. Ekonomické chápanie nákladov. Časová dimenzia nákladov vnútroorganizačného účtovníctva. Náklady výkonu a náklady obdobia. | ||
| 610 | 2 | 0 | |a náklady |
| 610 | 2 | 0 | |a výdavky |
| 610 | 2 | 0 | |a ceny obstarávacie |
| 610 | 2 | 0 | |a ceny reprodukčné |
| 610 | 2 | 0 | |a účtovníctvo finančné |
| 610 | 2 | 0 | |a výkaz ziskov a strát |
| 100 | 1 | |a Tóth, Miroslav, 1961- | |
| 700 | 1 | |a Tóthová, Alena, 1968- | |